Central Library OPAC University of Rajshahi

A serious call to a devout and holy life / (Record no. 31559)

MARC details
000 -LEADER
fixed length control field 00882cam a2200265 a 4500
001 - CONTROL NUMBER
control field 31559
003 - CONTROL NUMBER IDENTIFIER
rucl marc code BD-RjUL
005 - DATE AND TIME OF LATEST TRANSACTION
control field 20211209051722.0
008 - FIXED-LENGTH DATA ELEMENTS--GENERAL INFORMATION
fixed length control field 140420r19511906enk 000 0 eng d
035 ## - SYSTEM CONTROL NUMBER
System control number (BD-RjUL)31647
040 ## - CATALOGING SOURCE
Original cataloging agency DLC
Transcribing agency DLC
Modifying agency YDX
-- BTCTA
-- DLC
-- BD-RjUL
Language of cataloging eng
041 ## - LANGUAGE CODE
Language code of text/sound track or separate title eng
082 00 - DEWEY DECIMAL CLASSIFICATION NUMBER
Classification number 248.483
Edition number 22
Author mark and year LAS 1951
100 1# - MAIN ENTRY--PERSONAL NAME
Personal name Law, William,
Dates associated with a name 1686-1761.
9 (RLIN) 96044
245 12 - TITLE STATEMENT
Title A serious call to a devout and holy life /
Statement of responsibility, etc. William Law.
250 ## - EDITION STATEMENT
Edition statement 1st Hendrickson ed.
260 ## - PUBLICATION, DISTRIBUTION, ETC. (IMPRINT)
Place of publication, distribution, etc. London :
Name of publisher, distributor, etc. J. M. Dent & Sons,
Date of publication, distribution, etc. 1906 [Reprinted 1951]
300 ## - PHYSICAL DESCRIPTION
Pagination xii, 335 p. ;
Size 23 cm.
500 ## - GENERAL NOTE
General note Originally published: London : J. Richardson, 1728.
504 ## - BIBLIOGRAPHY, ETC. NOTE
Bibliography, etc Includes bibliographical references and index.
650 #0 - SUBJECT ADDED ENTRY--TOPICAL TERM
Topical term or geographic name as entry element Christian life
General subdivision Anglican authors
Form subdivision Early works to 1800.
9 (RLIN) 96045
942 ## - ADDED ENTRY ELEMENTS (KOHA)
Source of classification or shelving scheme Dewey Decimal Classification
Koha item type Books
Holdings
Lost status Source of classification or shelving scheme Damaged status Not for loan Collection code Permanent Location Current Location Shelving location Date acquired Source of acquisition Cost, normal purchase price Total Checkouts Full call number Date last seen Copy number Koha item type
  Dewey Decimal Classification     Non-fiction Central Library, University of Rajshahi Central Library, University of Rajshahi Reading Room 14/09/1955 B. H. Black Well 55.00   248.483 LAS 1951 20/04/2014 C-1 Books